Liverpool X France - Statistics

General Stats
  • This quiz has been taken 18 times
  • The average score is 6 of 14
Answer Stats
Hint Answer % Correct
10 Best French Liverpool Players RB Leipzig Ibrahima Konate
94%
Big Liverpool Games Played in France European Cup Final 1981- Parc des Princes- Paris Real Madrid
65%
Big Liverpool Games Played in France UEFA Champions League Final 2022- Stade de France- Paris Real Madrid
65%
10 Best French Liverpool Players Paris Saint-Germain Mamadou Sakho
59%
French Liverpool Managers 1998-2004 Gerard Houllier
53%
10 Best French Liverpool Players Paris Saint-Germain Nicolas Anelka
47%
10 Best French Liverpool Players AJ Auxerre Djibril Cisse
35%
10 Best French Liverpool Players Paris Saint-Germain David N'Gog
29%
10 Best French Liverpool Players Le Havre AC Florent Sinama-Pongolle
29%
10 Best French Liverpool Players Valencia CF Aly Cissokho
24%
10 Best French Liverpool Players AJ Auxerre Bernard Diomede
24%
10 Best French Liverpool Players Leicester City Pegguy Arphexad
24%
10 Best French Liverpool Players Montpellier HSC Gregory Vignal
18%
Big Liverpool Games Played in France European Cup Winners' Cup Semi-Final 1st leg 1997 Paris Saint-Germain
18%
No matching quizzes found
Score Distribution
Percent of People with Each Score
Percentile by Number Answered
Your Score History
You have not taken this quiz